Avrupa Topluluğu hukuku (Record no. 3202)

MARC details
000 -BAŞLIK
Sabit Uzunlukta Kontrol Alanı 00878na a2200253 4500
001 - KONTROL NUMARASI
Denetim Alanı 19852
003 - KONTROL NUMARASI IDENTIFIER
Denetim Alanı MIRAKIL
005 - SON İŞLEM TARİHİ VE ZAMANI
Denetim Alanı 20181213154924.0
008 - SABİT-BOY VERİ ELEMANLARI - GENEL BİLGİLER
Sabit Uzunlukta Kontrol Alanı 161227b tu 000 0
020 ## - ULUSLARARASI STANDART KİTAP NUMARASI
Uluslararası Standart Kitap Numarası 9759559129
040 ## - KATALOGLAMA KAYNAK
Orijinal Kataloglama Ajansı Milas
Kataloglama Dili tur
Metne Dönüştürmek Ajansı TR-AnCHP
041 ## - DİL KODU
Metin / Ses Parça Veya Ayrı Başlığın Dil Kodu tur
082 ## - DEWEY ONLU SINIFLANDIRMA NUMARASI
Sınıflandırma Numarası 341.2
Ürün Numarası Y86a 2002
090 ## - SINIFLAMA NUMARASI
Sınıflama Numarası 341.2 Y86a 2002
100 ## - ANA GİRİŞ - KİŞİSEL İSİM
Kişisel Ad Yurttaş, Şükrü
245 ## - BAŞLIK TABLOSU
Başlık Avrupa Topluluğu hukuku
Başlığın Kalan ferdin Avrupa İnsan Hakları Mahkemesi'ne başvurma hakkını kullanma şekli ve duruşma usulü
Sorumluluk Tablosu, Vb Şükrü Yurttaş
246 ## - UNVAN FORM VARYING
Başlık Doğru / Kısa Başlığı ferdin Avrupa İnsan Hakları Mahkemesi'ne başvurma hakkını kullanma şekli ve duruşma usulü
250 ## - EDITION TABLOSU
Baskı Beyanı 2. bs.
260 ## - YAYIN, DAĞITIM, VB
Yayın, Dağıtım, Vb Yeri İstanbul
Yayıncı, Dağıtıcı, Vs Adı [yayl.y.]
Yayın, Dağıtım, Vb Tarihi 2002
300 ## - FİZİKSEL TANIM
Kapsam 188+26 s.
Boyutlar 20 sm.
610 ## - KONU KATMA GİRİŞ - TOPLANTI ADI
Giriş Elemanı Olarak Kurumsal Ad Veya Yargı Alanı Adı Avrupa İnsan Hakları Mahkemesi (AİHM)
Alt Birim Başvurma hakkı
650 ## - KONU KATMA GİRİŞ - TOPİKAL DÖNEM
Topikal Süreli Veya Coğrafi Ad Giriş Elemanı Uluslararası hukuk
Genel Alt Bölümü Mahkemeler
942 ## - EKLENDİ GİRİŞ ELEMANLARI (KOHA)
Sınıflandırma Veya Raf Düzeni Kaynak
Koha Öğesi Türü Books
999 ## - SİSTEM KONTROL NUMARALARI (KOHA)
Koha Biblionumber 3202
Koha Biblioitemnumber 3202
Holdings
Kalıcı Konum Mevcut Konum Edinme Tarihi Edinim Kaynak Toplam Check-Out'Lar Tam Çağrı Numarası Barkod Tarih Son Görülme İtibaren Geçerli Fiyatlar Koha Öğesi Türü
CHP Kütüphanesi CHP Kütüphanesi 12/27/2016 Bağış   341.2 Y86a 2002 010329 12/27/2016 12/27/2016 Books